000 01933cam a22005294i 4500
003 PE-LiUPU
005 20250731180127.0
008 150625s r 000 0 d
035 _a(Sirsi) a32516
040 _aPE-LiUPU
_bspa
_cPE-LiUPU
_erda
082 0 4 _a551.7012
_bS634d
_223
100 1 _aSlusher, Harold S.,
_eautor.
245 1 4 _aLas dataciones radiometricas :
_bCrítica /
_cHarold S. Slusher y Robert L. Whitelaw.
264 1 _aBarcelona :
_bClie,
_c1980.
300 _a152 páginas ;
_c18 cm.
336 _atext
_2rdacontent
337 _aunmediated
_2rdamedia
338 _avolume
_2rdacarrier
490 0 _a Creación y Ciencia ;
_v3
505 0 _aLa edad de la tierra y su determinación. -Criterios sobre geocronómetros utilizables. -Crítica de los métodos de datación Radiométrica. -El tiempo, la vida y la historia a la luz de 15.000 dataciones radiocarbónicas, por Robert L. Whitelaw.
526 _aSEG44
526 _aSEG26
526 _aP159
526 _aP155
526 _aP154
526 _aP153
526 _aP150
526 _aP100
526 _aP31
526 _aP30
526 _aP26
526 _aP25
526 _aP24
526 _aP22
526 _aP15
526 _aP10
650 1 7 _aDatación radiactiva.
_2embne
_95135
700 _aWhitelaw, Robert L.
_eautor.
_95134
942 _2ddc
_cBK
949 _a215.6
_wDEWEY
_c1
_i19300
_lCCODEBUL1
_mBUL
_p00.00
_r0
_sY
_tBOOK
_u2015-06-25
_xBIBLIOTECA
_zUNKNOWN
_0COMPRA
_o.STAFF. Colección General
949 _a215.6 S59
_wDEWEY
_c2
_i19299
_lCCODEBUL1
_mBUL
_p00.00
_r0
_sY
_tBOOK
_u2015-06-25
_xBIBLIOTECA
_zUNKNOWN
_0COMPRA
_o.STAFF. Colección General
949 _a215.6 S59
_wDEWEY
_c3
_i26509
_lCCODEBUL1
_mBUL
_p00.00
_r0
_sY
_tBOOK
_u2015-06-25
_xBIBLIOTECA
_zUNKNOWN
_0COMPRA
_o.STAFF. Colección General
980 _81
_gALBERTO SANCHEZ Responsable de Automatización
999 _c40177
_d40177